Biblioteca y Centro de Documentación

Vista normal Vista MARC

Entrada Nombre corporativo

Número de registros utilizados en: 2

001 - NÚMERO DE CONTROL

  • Campo de control: 40237

003 - IDENTIFICADOR DE NÚMERO DE CONTROL

  • Campo de control: ES-MaCES

005 - FECHA Y HORA DE LA ULTIMA MODIFICACION

  • Campo de control: 20250120182040.0

008 - ELEMENTOS DE DATOS DE LONGITUD FIJA

  • Campo de longitud fija: 160126|| azz||aabn | a|a d

040 ## - FUENTE DE LA CATALOGACIÓN

  • Agencia original de catalogación: ES-MaCES

110 2# - ENCABEZAMIENTO--NOMBRE CORPORATIVO

  • Nombre corporativo o de jurisdicción como elemento de entrada: Instituto de las Mujeres (España)

510 ## - TRAZADO VEÁSE ADEMÁS--NOMBRE CORPORATIVO

  • Nombre corporativo o jurisdicción como elemento de entrada: Instituto de la Mujer (España)
  • Subcampo de control: a

510 ## - TRAZADO VEÁSE ADEMÁS--NOMBRE CORPORATIVO

  • Nombre corporativo o jurisdicción como elemento de entrada: Instituto de la Mujer y para la Igualdad de Oportunidades (España)
  • Subcampo de control: a

670 ## - FUENTE DE DATOS ENCONTRADOS

  • Fuente de citación: https://www.igualdad.gob.es/
  • Información encontrada: El Instituto de las Mujeres, antiguo Instituto de la Mujer, fue creado por la Ley 16/1983, de 24 de octubre. En la actualidad es un organismo autónomo adscrito al Ministerio de igualdad
© CES, Consejo Económico y Social de España 2021